Diseño del sistema de aire acondicionado y ventilación del Área de salud la Fortuna
Uloženo v:
| Hlavní autor: | |
|---|---|
| Další autoři: | |
| Médium: | Kniha |
| Jazyk: | Spanish |
| Vydáno: |
[San José, Costa Rica]
2024
|
| Témata: | |
| Tagy: |
Přidat tag
Žádné tagy, Buďte první, kdo vytvoří štítek k tomuto záznamu!
|
MARC
| LEADER | 00000nam a2200000Ia 4500 | ||
|---|---|---|---|
| 003 | 013860 | ||
| 005 | 20240503094103.0 | ||
| 008 | 140114s2024 cr a 000 ||spa d | ||
| 040 | |c cru CEDI | ||
| 100 | |a Sandí Ramírez, Karen , 1997- |9 2991 | ||
| 245 | |a Diseño del sistema de aire acondicionado y ventilación del Área de salud la Fortuna | ||
| 260 | |a [San José, Costa Rica] |c 2024 | ||
| 500 | |a Trabajo de graduación(licenciatura en ingeniería mecánica)--Universidad de Costa Rica. Facultad de Ingeniería. Escuela de Ingeniería Mecánica | ||
| 501 | |a Director de Trabajo de Graduación: M.Sc. Sergio Ferreto Brenes | ||
| 650 | |x AIRE ACONDICIONADO |x CONTROL DE LA TEMPERATURA |x AIRE ACONDICIONADO - MEDIDAS DE SEGURIDAD |x VENTILACION - NORMAS - EQUIPO Y ACCESORIOS |x VENTILACION | ||
| 700 | |a Ferreto Brenes, Sergio Ademar, 1976- |d Director del TFG |9 206 | ||
| 942 | |c TFG |h TFG 9001 |i 013860 |6 TFG_9001_013860000000000 | ||
| 999 | |c 13019 |d 13019 | ||
